Определения, типы, природа религиозного опыта; Трансформация научных парадигм и коммуникативные практики в информационном социуме

Bibliografiske detaljer
Parent link:Трансформация научных парадигм и коммуникативные практики в информационном социуме.— 2013.— [С. 162-163]
Hovedforfatter: Смолина Е. Ю.
Summary:Заглавие с экрана
Sprog:russisk
Udgivet: 2013
Serier:Управление персоналом в условиях становления информационного общества: трансформация подходов
Fag:
Online adgang:http://www.lib.tpu.ru/fulltext/c/2013/C26/079.pdf
Format: Electronisk Book Chapter
KOHA link:https://koha.lib.tpu.ru/cgi-bin/koha/opac-detail.pl?biblionumber=604236

MARC

LEADER 00000naa2a2200000 4500
001 604236
005 20260206094022.0
035 |a (RuTPU)RU\TPU\conf\1503 
035 |a RU\TPU\conf\1502 
090 |a 604236 
100 |a 20140226d2013 k y0rusy50 ca 
101 0 |a rus 
102 |a RU 
135 |a drcn ---uucaa 
181 0 |a i  
182 0 |a b 
200 1 |a Определения, типы, природа религиозного опыта  |f Е. Ю. Смолина 
203 |a Текст  |c электронный 
215 |a 1 файл(301 Кб) 
225 1 |a Управление персоналом в условиях становления информационного общества: трансформация подходов 
300 |a Заглавие с экрана 
320 |a [Библиогр.: с. 163 (5 назв.)] 
337 |a Adobe Reader 
463 1 |0 (RuTPU)RU\TPU\conf\1007  |t Трансформация научных парадигм и коммуникативные практики в информационном социуме  |o сборник научных трудов VI Всероссийской научно-практической конференции студентов и молодых ученых, г. Томск, 5-6 декабря 2013 г.  |f Национальный исследовательский Томский политехнический университет (ТПУ), Институт социально-гуманитарных технологий (ИСГТ) ; под ред. В. И. Турнаева и др.  |v [С. 162-163]  |d 2013 
610 1 |a электронный ресурс 
610 1 |a труды учёных ТПУ 
610 1 |a религиозный опыт 
610 1 |a определение 
610 1 |a типы 
700 1 |a Смолина  |b Е. Ю. 
801 1 |a RU  |b 63413507  |c 20101016 
801 2 |a RU  |b 63413507  |c 20230328  |g RCR 
856 4 |u http://www.lib.tpu.ru/fulltext/c/2013/C26/079.pdf 
942 |c CF